Informes técnicos del taller regional (Registro nro. 1069)

Detalles MARC
000 -CABECERA
Campo de control 00860nam a2200253 a 4500
005 - FECHA Y HORA DE LA ULTIMA TRANSACCION
Campo de control 20180803164853.0
008 - ELEMENTOS DE LONGITUD FIJA—INFORMACION GENERAL
Campo de control 140225b1996 cl ||||| |||| 00| 0 spa d
040 ## - FUENTE DE CATALOGACIÓN
Agencia catalogadora original CO-BoIAVH
Agencia transcriptora CO-BoIAVH
041 ## - IDIOMA
Código de idioma para texto/pista de sonido o título separado Español
044 ## - PAÍS DE PUBLICACIÓN
País de publicación Chile
090 ## - CLASIFICACIÓN LOCAL
Colección LB
Consecutivo 01058
100 ## - ASIENTO PRINCIPAL--NOMBRE PERSONAL
Nombre personal Claro, Edmundo
111 ## - ASIENTO PRINCIPAL--NOMBRE DE REUNION
Nombre de reunión o de jurisdicción como elemento de entrada Taller sobre valoración económica de la diversidad biológica
Lugar de la reunión Santiago de Chile
Fecha de la reunión 1996
245 ## - MENCION DE TITULO
Título Informes técnicos del taller regional
Parte restante del título valoración económica de la diversidad biológica en América Latina y el Caribe
260 ## - PUBLICACION, DISTRIBUCION, ETC. (PIE DE IMPRENTA)
Lugar de publicación, distribución, etc. Santiago de Chile
Nombre del editor, distribuidor, etc. Nature
-- CEPAL
-- PNUMA
Fecha de publicación, distribución, etc. 1996
300 ## - DESCRIPCION FISICA
Extensión 185 p.
650 ## - ASIENTO SECUNDARIO DE MATERIA - TERMINO TEMATICO
Término temático o nombre geográfico como elemento de entrada Valoración económica
650 ## - ASIENTO SECUNDARIO DE MATERIA - TERMINO TEMATICO
Término temático o nombre geográfico como elemento de entrada Biodiversidad
662 ## - ASIENTO SECUNDARIO DE MATERIA - JERARQUIA DEL NOMBRE DE LUGAR(
Jurisdicción política intermedia América Latina
662 ## - ASIENTO SECUNDARIO DE MATERIA - JERARQUIA DEL NOMBRE DE LUGAR(
Jurisdicción política intermedia Islas del Caribe
700 ## - ASIENTO SECUNDARIO - NOMBRE PERSONAL
Nombre personal Filion, Fern
700 ## - ASIENTO SECUNDARIO - NOMBRE PERSONAL
Nombre personal Muñoz, Consuelo
942 ## - ELEMENTOS ADICIONALES (KOHA)
Tipo de ítem Informe Técnico
Sistema de clasificación Local
Existencias
Withdrawn status Lost status Sistema de Clasificación Damaged status No para préstamo Colección Inventariado Ubicación Permanente Ubicación actual Fecha de adquisición Total Checkouts Número topográfico Inventario / Código de Barras Date last seen Ejemplar Price effective from Forma de adquisición Tipo de material
    Local     General Inventariado 2017 Bogotá Bogotá 14/01/1999   LB-01058 001462 04/12/2012 Ej. 1 04/12/2012   Informe Técnico